| 000 | 01001nam a22002894a 4500 | ||
|---|---|---|---|
| 001 | PE-BaUNAB | ||
| 005 | 20260702205131.0 | ||
| 006 | a||||gr|||| 001 0 | ||
| 007 | ta | ||
| 008 | t pe gr 00| 0 spa d | ||
| 017 | _aB 16.054-2022 | ||
| 020 | _a9788413822488 | ||
| 040 | _aPE-BaUNAB | ||
| 041 | _aspa | ||
| 043 | _cper | ||
| 082 | _a610.696 | ||
| 100 |
_aCibanal Juan, Luis _eAutor _9453 |
||
| 245 | _aTécnicas de comunicación y relación de ayuda en ciencias de la salud | ||
| 260 |
_aBarcelona _bElsevier España _c2023 |
||
| 300 |
_a375 páginas _c24 cm |
||
| 505 | _aI. Algunos aspectos de la comunicación, II. Hacia una comunicación clara y transparente, III La relación de ayuda, IV. Comunicación grupal | ||
| 650 |
_aCOMUNICACIÓN EN SALUD _913867 |
||
| 650 |
_aRELACIONES PROFESIONAL-PACIENTE _913868 |
||
| 700 |
_aArce Sánchez, María del Carmen _913869 |
||
| 700 |
_aCarballal Balsa, María del Consuelo _913870 |
||
| 942 |
_2ddc _cLIB _e2026-07-02 _zLRM |
||
| 999 |
_c6122 _d6122 |
||